00699 a2200169 4500003000500000005001700005040000900022082001200031100003900043245016900082260002100251300001500272505018500287538003000472650001600502651001100518Nust20170207153549.0 cNust a621.382 aKhurshid, Maj Syed Moeen (MSEE-3) aTo develop a microprocessor controlled ranging system for a height lock mechanism of an RPV in the range of 20-25 meters above ground levelcMaj Syed Moeen Khurshid bMCScApril, 1999 axiv, 105 p aIntroduction (page-1), Remotely piloted vehicles (page-5), Propagation theory (page-16), Ranging techniques (page-31), Design philosophy (page-54), 8051 Microcontroller (page-79).  aAlmirah no 72 shelf no. 1 aMSEE Thesis aMSEE-3